000 00768nam a2200205 a 4500
008 100125s1990 ||||||||||||||||| || u
020 _a0313268533
050 _aJC 571 Eme
100 _aShepherd, W. George
245 1 0 _aEmerging human rights: the African political economy context
_cedited by George W. Shepherd; Mark O. C. Anikpo
260 _aNew York
_bGreenwood Press
_c1990
300 _aviii, 244p.
350 _a0.00
650 0 _aSOCIAL JUSTICE
650 _aRIGHTS
650 _aDISTRIBUTIVE JUSTICE
650 _aHUMAN RIGHTS--AFRICA,SUB-SAHARA
700 _aAnikpo, Mark O. C
995 _D0.00
_FCBU-MAIN LIBRARY (Kitwe)
_H1
_I0.00
_M1
_UAVAILABLE
_WJan 25, 2010
_ZMain Library Open Access Collection
999 _c41741
_d41741